[Event "FIDE-Wch k.o."]
[Site "Moscow"]
[Date "2001.11.29"]
[Round "2.1"]
[White "Topalov, Veselin"]
[Black "Vescovi, Giovanni P"]
[Result "1-0"]
[WhiteElo "2733"]
[BlackElo "2585"]
[Annotator "Wedberg,T"]
[PlyCount "61"]
[EventDate "2001.11.27"]
[EventType "k.o."]
[EventRounds "7"]
[EventCountry "RUS"]
[SourceTitle "CBM 086"]
[Source "ChessBase"]
[SourceDate "2002.02.05"]
[SourceVersion "1"]
[SourceVersionDate "2002.02.05"]
[SourceQuality "1"]

1. e4 e5 2. Nf3 Nc6 3. Bb5 a6 4. Ba4 Nf6 5. O-O Be7 6. Re1 b5 7. Bb3 d6 8. c3
O-O 9. h3 Bb7 10. d4 Re8 11. Nbd2 Bf8 12. a4 h6 13. Bc2 exd4 14. cxd4 Nb4 15.
Bb1 c5 16. d5 Nd7 17. Ra3 f5 (17... c4 {is the safest for Black, but it
doesn´t give many winning chances.}) 18. Nh2 Nf6 19. Rg3 Qe7 {This move gave
Bacrot a nice victory last year.} 20. Nhf3 $1 $146 {[%mdl 8] More logical than
Grischuks choice. Toplalov just builds his attack, following the standard
approach of not counting P:s with White in this line.} (20. Rf3 Bxd5 21. Rxf5
Bf7 22. Ndf3 Be6 23. g4 Bxf5 24. gxf5 Qb7 $13 {0-1 Grischuk,A-Bacrot,E/Enghien
les Bains 2001/CBM 83/[Ftacnik] (56)}) 20... fxe4 21. Nxe4 Bxd5 $5 {Black
needs the P to justify giving White such a nice attacking position.} 22. Nxf6+
Qxf6 23. Bd2 $1 $40 {[%mdl 128] White is a P down, but he has a very nice game
with easy to find attacking moves in the pipeline. The most prominent threat
is Bxb4.} Bf7 $6 (23... Qxb2 $5 24. Bxb4 (24. Bxh6 $2 Bb3 $1) 24... Bxf3 25.
Qd3 $5 {looks very strong, but it´s not so easy to prove a win for White.}
Rxe1+ (25... Bh5 26. Rxe8 (26. Qh7+ Kf7 27. Qf5+ Kg8 28. Qh7+ $11) 26... Rxe8
27. Bc3 Qc1+ 28. Kh2 Qf4 $1 $13) 26. Bxe1 Bc6 27. Bc3 Qc1+ 28. Kh2 Qf4 29. Bxg7
Bxg7 30. Qh7+ Kf7 31. Qxg7+ Ke6 32. axb5 axb5 33. Bh7 $13) (23... Bxf3 24. Rxf3
Qxb2 $2 25. Bc3 $16) 24. Bc3 Rxe1+ 25. Qxe1 Qe6 26. Ne5 $1 {An excellent
attacking move simply threatening to win with Qe4.} Nd5 (26... d5 27. Rf3 Be8 (
27... Ra7 28. Nxf7 Qxe1+ 29. Bxe1 Rxf7 30. Bh7+ $18) (27... d4 28. Bxb4 cxb4
29. Qe4 $18) 28. Bh7+ $1 Kxh7 29. Rxf8 Bc6 30. Qb1+ g6 31. Nxg6 Qe4 32. Qxe4
dxe4 33. Rf6 $18) (26... dxe5 $2 27. Qe4 $18) 27. Qe4 $18 {All white pieces
are taking part in the onslaught. Black is defenceless.} Nf6 28. Qxa8 dxe5 29.
axb5 axb5 30. Qb8 Qd6 31. Qxb5 1-0

[Event "FIDE-Wch k.o."]
[Site "Moscow"]
[Date "2001.12.02"]
[Round "3.2"]
[White "Topalov, Veselin"]
[Black "Zhang, Zhong"]
[Result "1-0"]
[WhiteElo "2733"]
[BlackElo "2657"]
[Annotator "Ftacnik,L"]
[PlyCount "59"]
[EventDate "2001.11.27"]
[EventType "k.o."]
[EventRounds "7"]
[EventCountry "RUS"]
[SourceTitle "CBM 086"]
[Source "ChessBase"]
[SourceDate "2002.02.05"]
[SourceVersion "1"]
[SourceVersionDate "2002.02.05"]
[SourceQuality "1"]

1. e4 c5 2. Nf3 d6 3. d4 Nf6 4. Nc3 cxd4 5. Nxd4 a6 6. Be3 e5 7. Nb3 Be6 8. f3
Be7 9. Qd2 h5 10. Be2 Nbd7 11. Nd5 Nxd5 12. exd5 Bf5 13. O-O (13. Na5 Qc7 14.
c4 O-O (14... Bh4+ 15. g3 Bf6 16. Rc1 b6 17. Nc6 a5 18. O-O Bh3 19. Rfe1 g6 20.
b3 Bg7 21. a3 O-O 22. b4 {1-0 Wang Yu-Zhao Xue/HeiBei 2001/ (44)}) 15. O-O Bf6
16. Rac1 b6 17. Nc6 Nb8 18. Nxb8 Raxb8 19. b4 Qd7 20. c5 bxc5 21. bxc5 dxc5 22.
Rxc5 Be7 {0-1 David,A-Dinstuhl,V/Germany 2000/ (39)}) (13. c4 b6 14. O-O Nf6
15. Nc1 a5 16. b3 h4 17. a3 Nh5 18. Bd3 Bd7 19. Ne2 f5 20. f4 e4 21. Bc2 Bf6
22. Nd4 Qc7 23. Rac1 g6 24. Bb1 Kf7 25. Nb5 {1-0 Kraemer,M-Becker,M/Willingen/
2001/ (50)}) 13... Qc7 (13... O-O 14. c4 Bh7 15. Na5 Qc8 16. b4 Bd8 17. Nb3 b6
18. Rac1 Qb8 19. f4 h4 20. f5 {1-0 Conquest,S-Gofshtein,L/Fuerth 1999/ (37)}) (
13... a5 14. f4 a4 15. fxe5 axb3 16. Rxf5 bxa2 17. e6 Nf6 18. exf7+ Kxf7 19.
Bd4 Qc8 20. Bd3 Rf8 21. Qe2 Rh8 22. b3 Qd7 23. c3 Ra3 24. Rxa2 Rha8 25. Qxh5+
Kg8 26. Rxf6 {1-0 Galliamova,A-Hunt,H/Istanbul 2000/EXT 2001 (26)}) 14. c4 b6
15. f4 g6 16. Rad1 (16. fxe5 dxe5 17. Nc1 a5 18. a3 Nc5 19. b3 h4 20. Ra2 O-O
21. Qe1 Kg7 22. b4 axb4 23. axb4 Rxa2 24. Nxa2 Nd3 25. Qc3 Ra8 {1/2-1/2
Ponomariov,R-Cvitan,O/Neum 2000/ 2001 (39)}) 16... a5 17. fxe5 Nxe5 (17... dxe5
18. d6 $18) 18. Rxf5 $5 {[%mdl 4] Topalov is trying to refute black's concept
with the position exchange sacrifice, even though he could have played more
positionally.} (18. Nd4 Bd7 19. Nf3 $1 Nxf3+ 20. Rxf3 $16) 18... gxf5 19. Nd4
Ng4 $6 (19... Rg8 20. Nxf5 (20. b3 h4 21. Nxf5 Bf6 $13) 20... Nxc4 21. Bxc4 (
21. Rc1 b5 22. b3 Qd7 23. bxc4 Qxf5 24. cxb5 Rb8 $13) 21... Qxc4 22. Re1 Kd7
$13) 20. Nc6 (20. Bxg4 hxg4 (20... fxg4 21. Nc6 f6 (21... Bf6 22. Qf2 $16) 22.
Re1 Rh7 23. Qc2 $18) 21. Nxf5 Bf6 22. Qe2 $14) 20... Rg8 (20... Nxe3 21. Qxe3
Kf8 22. Qc3 Rh6 23. Rf1 Bf6 24. Qd2 Kg7 25. Rxf5 h4 26. Bd3 $14) 21. Rf1 Ne5 {
The knight rushes back proving, that the move 19..Ng4?! was a dubious concept.}
(21... Nxe3 22. Qxe3 h4 23. Rxf5 $16) (21... h4 22. Rxf5 h3 23. g3 $16) 22.
Rxf5 Nxc6 (22... h4 23. Bh5 $1 h3 24. g3 Rg7 (24... Rf8 25. Qf2 $18) 25. Bd4
$18) 23. dxc6 O-O-O (23... Qxc6 24. Bf3 Qc8 (24... Qd7 25. Qd5 Bd8 26. Bxh5 Rg7
27. Bh6 Rh7 28. Qe4+ Qe7 29. Rxf7 Rxf7 30. Qc6+ Qd7 31. Bxf7+ $18) 25. Qd5 Rb8
26. Qxf7+ Kd7 27. Rf6 Rf8 28. Rxd6+ $1 Kxd6 29. Bf4+ Kd7 30. Qd5+ $18) 24. Qd5
Rde8 (24... Rdf8 25. Bxh5 $18) 25. Rxf7 Kb8 (25... Ref8 26. Qe6+ Kd8 27. Rxe7
Qxc6 28. Bf3 Rxf3 29. Qxg8+ Kxe7 30. Bg5+ Rf6 31. Qg7+ $18) 26. Bf4 Ka7 (26...
Rgf8 27. Rxe7 Rxe7 28. Bxd6 Rd8 29. Bxc7+ Kxc7 30. Qf5 Rxe2 31. Qf7+ Kd6 32.
Qf4+ Kc5 33. Qg5+ $18) 27. c5 $1 {Fine attacking idea, that opens access to
black's king.} bxc5 28. Bxd6 Bxd6 29. Rxc7+ Bxc7 30. Qb3 (30. Qb3 Rb8 (30...
Bb6 31. Qf7+) 31. Qc4 Rxb2 32. Qxg8 Rxe2 33. Qb3 $18) 1-0

[Event "Candidates Tournament Gp1"]
[Site "Dortmund"]
[Date "2002.07.06"]
[Round "1"]
[White "Topalov, Veselin"]
[Black "Lutz, Christopher"]
[Result "1-0"]
[WhiteElo "2745"]
[BlackElo "2650"]
[Annotator "Ribli,Z"]
[PlyCount "67"]
[EventDate "2002.07.06"]
[EventType "tourn"]
[EventRounds "6"]
[EventCountry "GER"]
[EventCategory "18"]
[SourceTitle "CBM 090"]
[Source "ChessBase"]
[SourceDate "2002.09.20"]
[SourceVersion "1"]
[SourceVersionDate "2002.09.20"]
[SourceQuality "1"]

1. e4 c5 2. Nf3 e6 3. d4 cxd4 4. Nxd4 Nc6 5. Nc3 Qc7 6. Be3 a6 7. Qd2 {Der
bulgarische Großmeister spielt diese Variante gern mit Weiß.} Nf6 8. O-O-O Bb4
9. f3 Ne5 10. Nb3 b5 11. Kb1 {Das ist die Abweichung von der Partie Leko-Lutz/
Essen 2002. Weiß droht jetzt 12.Nxb5 zu spielen. Mit dem Textzug gibt Topalov
zu erkennen, dass er den Abtausch auf c3 immer noch nicht fürchtet. Die
psychologische Erklärung des Zuges - Weiß möchte nicht auf die sehr
wahrscheinliche schwarze Verbesserung zur Partie Leko-Lutz warten.} (11. Bd4
Be7 12. Kb1 d6 13. Qf2 O-O 14. g4 b4 15. Na4 Bb7 16. Rg1 Nfd7 17. Nb6 Rab8 18.
g5 {1-0 Leko,P-Lutz,C/Essen 2002/CBM 90_01 (62)}) 11... Nc4 {Dieser Zug
scheint mir zu früh zu kommen - ich glaube, es wäre besser entweder mit 11...
Be7 das Motiv 12.Nxb5 zu vermeiden oder mit 11...Bxc3 fortzusetzen.} (11... Be7
12. Qf2 d6 13. g4 Nfd7 14. g5 Bb7 15. a3 O-O 16. Rg1 Rfc8 17. h4 Nc4 18. Bxc4
bxc4 19. Nc1 Rab8 {1/2-1/2 Nevednichy,V-Delchev,A/Creon 2001/EXT 2002 (19)}) (
11... Bxc3 12. Qxc3 $5 (12. bxc3 Nc4 13. Bxc4 bxc4 (13... Qxc4 14. Qd6) 14. Nc5
d5 $13)) 12. Bxc4 bxc4 13. Nc1 {[%cal Gc1e2]} (13. Nd4) 13... Qb7 14. N1e2 Rb8
$6 {Dieser Zug ist zu direkt und gefällt mir nicht - der große Nachteil des
Zuges ist, dass Weiß nun mit Bf4 den Turm angreifen kann.} (14... O-O $142 $1
15. Qd4 (15. Bf4 d5) 15... Rb8 16. Qxc4 d5 $13) 15. b3 $14 (15. Bd4 $6 e5 16.
Bxe5 $2 Bd6 $19 {[%cal Rd6e5,Rb8b2]}) 15... O-O 16. Bf4 $1 Ra8 17. Bd6 {
[%csl Gd6] Der Läufer steht ausgezeichnet auf d6 - sehr wichtig ist, dass der
schwarze d-Bauer blockiert ist.} Bxd6 (17... a5 {Dieser Zug ist sehr
interessant - Schwarz opfert die Qualität und möchte mit a5-a4 angreifen. Das
einzige Problem ist, dass das Opfer nicht völlig korrekt ist.} 18. Bxf8 Kxf8
19. e5 Nd5 (19... Ne8 20. Qd4 cxb3 21. cxb3 a4 22. Ne4 $16) 20. Qd4 cxb3 (20...
a4 21. Qxc4 axb3 22. cxb3 Ne3 {[%cal Re3d1,Re3c4]} 23. Qh4 $1 $18 {[%cal Rh4d8,
Rd8f8,Rh4h7]}) 21. cxb3 Nxc3+ 22. Nxc3 a4 23. Ne4 axb3 24. axb3 Be7 25. Qc3 Kg8
(25... Qa7 26. Rd2 $16) 26. Rd4 Rb8 27. Rd3 $16) 18. Qxd6 cxb3 $6 {Es wäre
besser die Spannung in der Stellung zu halten und sofort 18...a5 zu ziehen.} (
18... a5 $5) 19. axb3 a5 20. Rd4 $1 {[%cal Gd4a4]} Ra6 21. Qa3 d5 $1 {Das ist
die einzige Gegenchance für Schwarz.} 22. exd5 exd5 $6 (22... Nxd5 $142 23.
Nxd5 exd5 24. Nf4 Be6 25. Rhd1 Rd8 $14) 23. Nf4 {[%csl Rd5]} Be6 24. Rhd1 h6 (
24... Rd8 25. Ne4 $1 Nxe4 26. fxe4 a4 27. Nxd5 Bxd5 28. Rxa4 $16 (28. Rxd5 Rxd5
29. Rxd5 h6 $132)) (24... Qc7 25. Ncxd5 Nxd5 26. Nxd5 Bxd5 27. Rxd5 a4 (27...
Qxh2 $2 28. Rd8 $18) 28. Rd7 $14) 25. Ncxd5 Nxd5 26. Nxd5 $16 {Weiß hat einen
klaren Bauern mehr - das schwarze Gegenspiel am Damenflügel ist zu wenig.} Rb8
$2 (26... a4 {Mit diesem Zug konnte Schwarz eventuell im Trüben fischen.} 27.
Nf6+ $1 (27. Rb4 axb3 28. Rxb7 bxc2+ 29. Kxc2 Rxa3 $11) 27... gxf6 28. Rd8 Rxd8
29. Rxd8+ Kh7 30. Qf8 Kg6 31. g4 f5 32. Qg8+ Kf6 33. Qh8+ Kg5 (33... Ke7 34.
Qf8+ Kf6 35. Qxh6+ Ke7 36. Qf8+ Kf6 37. g5+ Ke5 38. Qg7+ Kf4 39. Qd4+ Kxf3 40.
Qc3+ Kf4 41. Qg3+ Ke4 42. Qg2+ $18 {[%cal Rg2b7]}) 34. Qg7+ $18) (26... Bxd5 $5
27. Rxd5 a4) {[#]} 27. Nf6+ $1 {[%mdl 512]} gxf6 28. Rd8+ Rxd8 29. Rxd8+ Kh7
30. Qf8 {[%csl Rh7][%cal Rf8g8,Rg8h7][%mdl 128] Der schwarze König befindet
sich in Mattnetz - es droht 31.Qg8#.} Kg6 (30... h5 31. g4 (31. Qh8+ Kg6 32.
Rg8+ Kf5 33. Qxh5+ Kf4 34. Rd8 $18) 31... hxg4 32. fxg4 Kg6 33. Qg8+ Kh6 34.
Qh8+ Kg5 35. Qg7+ Kf4 36. Qxf6+ $18) 31. Qg8+ Kh5 (31... Kf5 32. Qg4+ Ke5 33.
f4+ Ke4 34. Qf3+ $18 {[%cal Rf3b7]}) 32. Qg7 $1 (32. Rd4 Qb5 33. g3 Qg5 34.
Rh4+ Qxh4 35. gxh4 $18) 32... f5 33. Rd4 $1 {Droht 34.Rh4+ Kxh4 35.Qxh6#.} Bc8
34. g3 (34. g3 Qe7 (34... Rg6 35. Rh4+ Kg5 36. f4#) 35. Rh4+ Qxh4 36. Qxf7+ $18
) 1-0

[Event "Candidates Tournament Gp1"]
[Site "Dortmund"]
[Date "2002.07.07"]
[Round "2"]
[White "Topalov, Veselin"]
[Black "Gelfand, Boris"]
[Result "1-0"]
[WhiteElo "2745"]
[BlackElo "2710"]
[Annotator "Lukacs,P"]
[PlyCount "77"]
[EventDate "2002.07.06"]
[EventType "tourn"]
[EventRounds "6"]
[EventCountry "GER"]
[EventCategory "18"]
[SourceTitle "CBM 090"]
[Source "ChessBase"]
[SourceDate "2002.09.20"]
[SourceVersion "1"]
[SourceVersionDate "2002.09.20"]
[SourceQuality "1"]

1. e4 c6 2. d4 d5 3. e5 Bf5 4. Nc3 e6 5. g4 Bg6 6. Nge2 c5 7. h4 h5 8. Nf4 Bh7
(8... Nc6 9. Nxg6 fxg6 10. Ne2 Qb6 (10... cxd4 {- Grischuk-Ehlvest, FIDE-Wch k.
o. 2000 CBM 81}) 11. Nf4 cxd4 12. Bd3 (12. Nxg6 {- Morozevich-Bareev, Bosna
Super GM Sarajevo 2000 CBM 77}) 12... Nxe5 13. Nxg6 Nxg6 14. Bxg6+ Kd7 15. gxh5
Bb4+ $1 $17 {- Zhang Pengxiang-Khalifman, CHN-RUS Summit Men 2001 CBM 85}) 9.
Nxh5 (9. Bb5+ Nc6 10. Nxh5 cxd4 11. Qxd4 Nge7 {- 9.Nh5}) (9. g5 {- Arizmendi
Martinez-Piankov, Ciudad de Ubeda op 2000 CBM 75}) 9... Nc6 (9... cxd4 {
- Grischuk-Seirawan, FIDE GP Moscow rapid 2002 CBM 90}) 10. dxc5 (10. Bb5 cxd4
11. Qxd4 Nge7 12. Bh6 (12. Bg5 {All this looks extremely frightening for Black,
but White cannot make use of the pins.} a6 ({Even} 12... Bxc2 13. Rc1 Qd7 $1 {
is possible according to GM Kallai.}) 13. Bxc6+ Nxc6 $1 14. Qa4 (14. Qd2 Qc7
$15) (14. Qf4 Qc7 15. O-O Bg6 16. Rfe1 Bxh5 17. gxh5 Rxh5 $17 {Holmsten-Hansen,
Rilton Cup Stockholm 1998}) 14... b5 15. Qf4 Qc7 16. O-O (16. O-O-O $2 b4 {
- Ehlvest-Bareev, FIDE-ch k.o. 2001 CBM 86}) 16... Bg6 17. Ng3 Qxe5 {and
White's psition is falling apart.} 18. Qd2 Bc5 $15 {Orso-Kallai, ch-HUN k.o.
Budapest 2000}) 12... Rg8 $1 {Black needs good nerves playing this variation!}
13. O-O-O a6 14. Bxc6+ Nxc6 15. Qf4 (15. Qe3 Qa5) 15... Qa5 16. Qa4 $1 (16.
Rhe1 {allows the quick counterattack after} Nb4 $1 17. a3 Rc8 $1 18. axb4 Qa1+
19. Kd2 Qxb2 $19 {Chapman-Rogers, Australien Open 1999}) (16. Kb1 {is also met
by the same tactics:} Nb4 $1 17. Rc1 Rc8 18. a3 Nxc2 19. Rxc2 Rxc3 $1 $19 {
A.David-Kallai, France 1999}) 16... Qxa4 17. Nxa4 gxh6 18. Nf6+ Ke7 19. Nxh7
Nxe5 $5 (19... Rxg4 20. Nb6 Rd8 21. Nf6 Rf4 22. Ng8+ Ke8 23. Nf6+ $11 {is a
nice draw by perpetual checks.}) 20. g5 Ng4 {/\ Rh8 Kallai}) 10... Bxc5 $1 11.
Bb5 {[%mdl 8]} (11. Bd3 $2 {is feeble due to} Bxd3 12. Qxd3 (12. cxd3 {McShane}
) 12... g6 $1 $15 {Nataf-N.P.Nielsen, North Sea Cup Esbjerg 2001 CBM 85}) (11.
Nxg7+ Kf8 12. Nh5 Qb6 (12... d4 {McShane} 13. Na4 Be7 14. Bf4 b5 $1 15. Bxb5
Qd5 $1) 13. Rh2 Nxe5 14. f4 $13) (11. Bg2 {- Grischuk-Bareev, FIDE GP Moscow
rapid 2002 CBM 90}) 11... Qc7 (11... Qb6 12. Bxc6+ (12. Qe2 a6 (12... Kf8 $2
13. Na4 $16) 13. Bxc6+ Qxc6 14. f3 Kf8 $13 {and Black has some compensation
for the P, his ^^ is very strong, and White's P structure is weakened.}) 12...
bxc6 (12... Qxc6 {- 11...Qc7}) 13. Qd2 (13. Nxg7+ Kf8 14. Nh5 Bxf2+ $13) 13...
Bf8 14. Ng3 $14) (11... Kf8 12. Bxc6 bxc6 13. Na4 Be7 (13... Be4 14. Rh3) 14.
Be3 {with some blockading ideas on >< c5.} Bg6 15. Nf4 Be4 16. f3 (16. Rh3 Qa5+
17. c3 Rxh4 18. Rxh4 Bxh4 19. Nc5 $14) 16... Qa5+ 17. c3 Rxh4 18. Rxh4 Bxh4+
19. Bf2 Bxf2+ 20. Kxf2 Bh7 21. b4 Qb5 22. Nc5 $14 {and the strong blockading N
has arrived.}) 12. Bxc6+ (12. Qe2 Kf8 $13) 12... Qxc6 (12... bxc6 {gives White
time to consolidate his position.} 13. f4 (13. Nxg7+ Kf8 14. Nh5 Qxe5+ 15. Kf1
$14) 13... Kf8 14. Ng3 $14) 13. Qf3 (13. Qe2 $4 d4 $19) (13. Rh2 d4 14. Ne2
O-O-O $1 $13) 13... O-O-O {Black puts his cards on the advance of his d P.} (
13... Kf8 {was also possible passively defending the P.} 14. Be3 $5 (14. Bd2
Bxc2 15. Rc1 Bh7) 14... Bb4 (14... d4 $6 {Now this push is out of order.} 15.
Qxc6 bxc6 16. Na4 Be4 17. Rh3 $16) 15. O-O Bxc3 16. bxc3 Bxc2 (16... Qxc3 17.
Nxg7 Qc6 18. Nh5) 17. Qf4 (17. Bc1 Ne7 $13) 17... Ne7 18. Qb4 a5 19. Qa3 Qc7
$13) 14. Nxg7 (14. Bg5 $5 {is met by the aggressive} f6 $1 15. exf6 gxf6 16.
Bxf6 $1 (16. Nxf6 Rf8 17. O-O-O Bb4 $13) 16... Rf8 (16... Nxf6 17. Nxf6 Bxc2
18. Rc1 Bg6 19. h5 Be8 20. g5) 17. g5 Bg6 18. Nf4 (18. Ng3 Nxf6 19. gxf6 Bd4
$17) 18... Nxf6 19. Nxg6 Ne4 $1 $13) 14... d4 $5 ({Inserting} 14... Bb4 15. Rh3
{and then} d4 {was the alternative.} 16. a3 (16. Qxc6+ bxc6 17. a3 Bf8 $1)
16... Bxc3+ (16... Bf8 17. Qxf7 $1) 17. bxc3 Qc7 18. Bf4 (18. Qf4 d3 $1) (18.
Bg5 d3 $13) 18... d3 $1 (18... Ne7 19. Rd1) 19. Rd1 dxc2 20. Rxd8+ Qxd8 $13)
15. Qxc6+ bxc6 16. Na4 (16. Bg5 $6 {is inferior because of} dxc3 17. Bxd8 cxb2
18. Rb1 Bd4 $1 $17) 16... Bf8 17. Nh5 Bxc2 18. b3 {Both white knights are on
the edge of the board, and the o^ on d4 is strong. However White has a very
strong P majority on the >>, which will be important in the _|_.} Rd5 19. Bf4 (
19. f4 Be7 (19... Be4 20. Rh3 Bg6 21. Nf6 $1 (21. Ng3 f6 $1 $132) 21... Nxf6
22. exf6 $16) 20. Bb2 Nh6 21. g5 Be4 22. Rh3 Nf5 23. Nf6 Bxf6 24. gxf6 $14)
19... Bb4+ 20. Ke2 (20. Kf1 d3 $13) 20... d3+ 21. Kf3 d2 22. Rad1 {White has
to neutralize the strong o^ at any cost.} (22. Ke2 Rd4) 22... Ne7 (22... Bxd1+
23. Rxd1 Be7 24. Kg3 $44) 23. Nf6 Rd3+ (23... Bxd1+ 24. Rxd1 $14) 24. Ke2 Nd5 (
24... Ng6 25. Bg3 Bxd1+ 26. Rxd1 Rd4 27. h5 $16) 25. Bg5 (25. Bg3 Nxf6 26. exf6
Rd4 27. f3 Bxd1+ 28. Rxd1 $13) (25. Nxd5 Rxd5 (25... Bxd1+ $2 26. Kxd3) 26.
Rxd2 Bxd2 27. Bxd2 Rhd8 28. Bg5 (28. Be3 Bd1+) 28... Rxe5+ 29. Be3 Red5 $13)
25... Bxd1+ 26. Rxd1 Rh3 27. h5 Be7 $2 {This is the big mistake.} (27... Nxf6
28. Bxf6 Rg8 29. f3 Rh2+ 30. Kd3 Rh3 31. Ke4 Rh2 32. Nb2 $14 {was certainly
better for White, but the text loses.}) 28. Rxd2 {eliminating Black's only
pride.} Bxf6 29. Bxf6 Nf4+ 30. Kd1 Rg8 31. Nc5 $1 $18 {and suddenly the black
K is in clear and present danger.} (31. f3 Rxf3 32. h6 Rh3 33. g5 Nd5 34. Bg7
Rd8 $13) 31... Rxg4 32. Rd8+ Kc7 33. Rd7+ Kb6 (33... Kc8 34. Rxf7 $18) 34. Be7
$1 Nd5 35. Rb7+ Ka5 36. Rxa7+ Kb5 37. Rb7+ Nb6 38. a4+ Ka5 39. Kc2 1-0